[Event "European Women's Chess Club Cup 2023"]
[Site "Durres, Albania"]
[Date "2023.10.03"]
[Round "3.6"]
[White "Buksa, Nataliya"]
[Black "Wagner, Dinara"]
[Result "1-0"]
[TimeControl "90' + 30' & 30\""]
[WhiteElo "2361"]
[BlackElo "2461"]

1. e4 {[%clk 01:30:48]} {[%emt 00:00:11]} c5 {[%clk 01:30:48]} {[%emt
00:00:12]} 2. Nf3 {[%clk 01:31:07]} {[%emt 00:00:13]} d6 {[%clk 01:30:54]}
{[%emt 00:00:23]} 3. d4 {[%clk 01:31:33]} {[%emt 00:00:04]} cxd4 {[%clk
01:31:20]} {[%emt 00:00:04]} 4. Nxd4 {[%clk 01:32:00]} {[%emt 00:00:02]} Nf6
{[%clk 01:31:46]} {[%emt 00:00:05]} 5. Nc3 {[%clk 01:32:28]} {[%emt 00:00:02]}
a6 {[%clk 01:32:05]} {[%emt 00:00:11]} 6. Bc4 {[%clk 01:32:46]} {[%emt
00:00:12]} e6 {[%clk 01:32:28]} {[%emt 00:00:06]} 7. a4 {[%clk 01:33:13]}
{[%emt 00:00:04]} Be7 {[%clk 01:32:49]} {[%emt 00:00:08]} 8. O-O {[%clk
01:33:39]} {[%emt 00:00:04]} O-O {[%clk 01:33:09]} {[%emt 00:00:10]} 9. Be3
{[%clk 01:34:06]} {[%emt 00:00:04]} Nc6 {[%clk 01:33:30]} {[%emt 00:00:09]} 10.
Qe2 {[%clk 01:34:32]} {[%emt 00:00:04]} d5 {[%clk 01:17:55]} {[%emt 00:16:05]}
11. Rad1 {[%clk 01:34:54]} {[%emt 00:00:08]} Nb4 {[%clk 00:52:29]} {[%emt
00:25:56]} 12. exd5 {[%clk 00:59:10]} {[%emt 00:36:14]} exd5 {[%clk 00:51:23]}
{[%emt 00:01:36]} 13. Bb3 {[%clk 00:58:04]} {[%emt 00:01:36]} Bg4 {[%clk
00:48:27]} {[%emt 00:03:26]} 14. f3 {[%clk 00:58:30]} {[%emt 00:00:05]} Bd7
{[%clk 00:46:58]} {[%emt 00:01:58]} 15. Qf2 {[%clk 00:57:54]} {[%emt 00:01:06]}
Qc7 {[%clk 00:33:40]} {[%emt 00:13:48]} 16. Nde2 {[%clk 00:55:26]} {[%emt
00:02:58]} Rfe8 {[%clk 00:30:54]} {[%emt 00:03:16]} 17. Kh1 {[%clk 00:55:29]}
{[%emt 00:00:26]} Be6 {[%clk 00:18:11]} {[%emt 00:13:14]} 18. Bb6 {[%clk
00:42:54]} {[%emt 00:13:05]} Qc8 {[%clk 00:17:26]} {[%emt 00:01:14]} 19. Nf4
{[%clk 00:41:46]} {[%emt 00:01:39]} Qc6 {[%clk 00:09:45]} {[%emt 00:08:11]} 20.
a5 {[%clk 00:40:35]} {[%emt 00:01:41]} Qd6 {[%clk 00:10:12]} {[%emt 00:00:02]}
21. Nfxd5 {[%clk 00:35:26]} {[%emt 00:05:41]} Bxd5 {[%clk 00:06:58]} {[%emt
00:03:44]} 22. Nxd5 {[%clk 00:35:16]} {[%emt 00:00:39]} Nbxd5 {[%clk 00:07:25]}
{[%emt 00:00:03]} 23. Bxd5 {[%clk 00:35:38]} {[%emt 00:00:08]} Nxd5 {[%clk
00:07:48]} {[%emt 00:00:06]} 24. c4 {[%clk 00:36:06]} {[%emt 00:00:03]} Qf4
{[%clk 00:07:05]} {[%emt 00:01:13]} 25. cxd5 {[%clk 00:29:41]} {[%emt
00:06:55]} Bd6 {[%clk 00:07:32]} {[%emt 00:00:03]} 26. g3 {[%clk 00:30:08]}
{[%emt 00:00:03]} Qf5 {[%clk 00:07:58]} {[%emt 00:00:03]} 27. Rd2 {[%clk
00:27:55]} {[%emt 00:02:44]} Rac8 {[%clk 00:07:06]} {[%emt 00:01:22]} 28. Rfd1
{[%clk 00:28:12]} {[%emt 00:00:13]} h5 {[%clk 00:07:15]} {[%emt 00:00:21]} 29.
Bd4 {[%clk 00:25:58]} {[%emt 00:02:44]} Bb4 {[%clk 00:03:48]} {[%emt 00:03:57]}
30. Bc3 {[%clk 00:25:19]} {[%emt 00:01:09]} Bc5 {[%clk 00:01:45]} {[%emt
00:02:34]} 31. Qf1 {[%clk 00:24:58]} {[%emt 00:00:50]} Bd6 {[%clk 00:01:57]}
{[%emt 00:00:18]} 32. Re2 {[%clk 00:23:57]} {[%emt 00:01:30]} Red8 {[%clk
00:01:22]} {[%emt 00:01:06]} 33. Re4 {[%clk 00:23:55]} {[%emt 00:00:31]} Rc5
{[%clk 00:01:20]} {[%emt 00:00:32]} 34. Qd3 {[%clk 00:24:17]} {[%emt 00:00:08]}
Qg6 {[%clk 00:00:34]} {[%emt 00:01:17]} 35. Qe2 {[%clk 00:22:42]} {[%emt
00:02:05]} Qf5 {[%clk 00:00:49]} {[%emt 00:00:15]} 36. Re8+ {[%clk 00:22:28]}
{[%emt 00:00:43]} Rxe8 {[%clk 00:01:04]} {[%emt 00:00:16]} 37. Qxe8+ {[%clk
00:22:55]} {[%emt 00:00:03]} Kh7 {[%clk 00:00:50]} {[%emt 00:00:44]} 38. Qe4
{[%clk 00:23:15]} {[%emt 00:00:09]} Qxe4 {[%clk 00:00:37]} {[%emt 00:00:43]} 39.
fxe4 {[%clk 00:23:43]} {[%emt 00:00:03]} f6 {[%clk 00:01:04]} {[%emt 00:00:03]}
40. Bb4 {[%clk 00:24:06]} {[%emt 00:00:06]} Rxd5 {[%clk 00:00:46]} {[%emt
00:00:49]} 41. exd5 {[%clk 00:23:45]} {[%emt 00:00:50]} Bxb4 {[%clk 00:01:12]}
{[%emt 00:00:04]} 42. d6 {[%clk 00:24:14]} {[%emt 00:00:01]} Bxa5 {[%clk
00:01:39]} {[%emt 00:00:04]} 43. d7 {[%clk 00:24:43]} Bd8 {[%clk 00:02:06]}
{[%emt 00:00:03]} 44. Re1 {[%clk 00:25:11]} {[%emt 00:00:03]} 1-0

[Event "European Women's Chess Club Cup 2023"]
[Site "Durres, Albania"]
[Date "2023.10.03"]
[Round "3.7"]
[White "Bulmaga, Irina"]
[Black "Unuk, Laura"]
[Result "1-0"]
[TimeControl "90' + 30' & 30\""]
[WhiteElo "2423"]
[BlackElo "2313"]

1. e4 {[%clk 01:30:55]} {[%emt 00:00:03]} e6 {[%clk 01:30:35]} {[%emt
00:00:26]} 2. d4 {[%clk 01:31:14]} {[%emt 00:00:11]} d5 {[%clk 01:31:00]}
{[%emt 00:00:05]} 3. Nc3 {[%clk 01:31:37]} {[%emt 00:00:07]} Nf6 {[%clk
01:31:06]} {[%emt 00:00:24]} 4. Bg5 {[%clk 01:31:51]} {[%emt 00:00:16]} dxe4
{[%clk 01:31:09]} {[%emt 00:00:27]} 5. Nxe4 {[%clk 01:31:51]} {[%emt 00:00:30]}
Be7 {[%clk 01:31:34]} {[%emt 00:00:05]} 6. Bxf6 {[%clk 01:31:33]} {[%emt
00:00:48]} gxf6 {[%clk 01:31:49]} {[%emt 00:00:15]} 7. Nc3 {[%clk 01:31:03]}
{[%emt 00:01:00]} c6 {[%clk 01:31:22]} {[%emt 00:00:57]} 8. Qd3 {[%clk
01:27:49]} {[%emt 00:03:44]} b5 {[%clk 01:24:48]} {[%emt 00:07:04]} 9. Nge2
{[%clk 01:21:39]} {[%emt 00:06:40]} b4 {[%clk 01:11:14]} {[%emt 00:14:04]} 10.
Na4 {[%clk 01:14:06]} {[%emt 00:08:03]} Ba6 {[%clk 01:07:48]} {[%emt 00:03:56]}
11. Qe3 {[%clk 01:03:26]} {[%emt 00:11:10]} Nd7 {[%clk 01:03:18]} {[%emt
00:05:00]} 12. Nf4 {[%clk 01:00:58]} {[%emt 00:02:58]} Bxf1 {[%clk 00:48:11]}
{[%emt 00:15:37]} 13. Rxf1 {[%clk 01:00:32]} {[%emt 00:00:55]} Nb6 {[%clk
00:45:50]} {[%emt 00:02:52]} 14. Nxb6 {[%clk 00:44:16]} {[%emt 00:16:46]} axb6
{[%clk 00:44:28]} {[%emt 00:01:53]} 15. Ke2 {[%clk 00:38:07]} {[%emt 00:06:38]}
Qc7 {[%clk 00:41:09]} {[%emt 00:03:49]} 16. Rfd1 {[%clk 00:36:13]} {[%emt
00:02:23]} Ra5 {[%clk 00:37:41]} {[%emt 00:03:58]} 17. Kf1 {[%clk 00:35:50]}
{[%emt 00:00:53]} h5 {[%clk 00:28:51]} {[%emt 00:09:21]} 18. h4 {[%clk
00:31:00]} {[%emt 00:05:19]} Rg8 {[%clk 00:28:29]} {[%emt 00:00:52]} 19. Re1
{[%clk 00:28:51]} {[%emt 00:02:39]} Qd6 {[%clk 00:23:21]} {[%emt 00:05:39]} 20.
a3 {[%clk 00:26:14]} {[%emt 00:03:07]} bxa3 {[%clk 00:20:05]} {[%emt 00:03:46]}
21. Rxa3 {[%clk 00:24:34]} {[%emt 00:02:10]} Rxa3 {[%clk 00:20:21]} {[%emt
00:00:14]} 22. bxa3 {[%clk 00:24:57]} {[%emt 00:00:07]} Kd7 {[%clk 00:16:32]}
{[%emt 00:04:19]} 23. c4 {[%clk 00:20:33]} {[%emt 00:04:53]} Qxa3 {[%clk
00:12:30]} {[%emt 00:04:32]} 24. Qe2 {[%clk 00:20:25]} {[%emt 00:00:38]} Kc7
{[%clk 00:03:57]} {[%emt 00:09:04]} 25. Qxh5 {[%clk 00:19:49]} {[%emt
00:01:05]} Rf8 {[%clk 00:03:26]} {[%emt 00:01:01]} 26. Qe2 {[%clk 00:17:51]}
{[%emt 00:02:29]} Qd6 {[%clk 00:02:47]} {[%emt 00:01:09]} 27. Qe3 {[%clk
00:16:19]} {[%emt 00:02:01]} Ra8 {[%clk 00:03:02]} {[%emt 00:00:16]} 28. Rb1
{[%clk 00:13:57]} {[%emt 00:02:51]} Ra3 {[%clk 00:02:47]} {[%emt 00:00:45]} 29.
c5 {[%clk 00:13:50]} {[%emt 00:00:37]} bxc5 {[%clk 00:00:49]} {[%emt 00:02:29]}
30. Qxa3 {[%clk 00:14:01]} {[%emt 00:00:18]} Qxf4 {[%clk 00:00:54]} {[%emt
00:00:25]} 31. Qa7+ {[%clk 00:14:15]} {[%emt 00:00:16]} 1-0

[Event "European Women's Chess Club Cup 2023"]
[Site "Durres, Albania"]
[Date "2023.10.03"]
[Round "3.8"]
[White "Urh, Zala"]
[Black "Roebers, Eline"]
[Result "1-0"]
[TimeControl "90' + 30' & 30\""]
[WhiteElo "2216"]
[BlackElo "2390"]

1. d4 {[%clk 01:30:44]} {[%emt 00:00:15]} Nf6 {[%clk 01:30:55]} {[%emt
00:00:06]} 2. Nf3 {[%clk 01:30:55]} {[%emt 00:00:19]} g6 {[%clk 01:31:20]}
{[%emt 00:00:05]} 3. c4 {[%clk 01:31:15]} {[%emt 00:00:10]} Bg7 {[%clk
01:31:47]} {[%emt 00:00:04]} 4. g3 {[%clk 01:31:32]} {[%emt 00:00:13]} O-O
{[%clk 01:32:12]} {[%emt 00:00:05]} 5. Bg2 {[%clk 01:31:46]} {[%emt 00:00:16]}
d6 {[%clk 01:32:37]} {[%emt 00:00:04]} 6. Nc3 {[%clk 01:32:09]} {[%emt
00:00:07]} Nc6 {[%clk 01:33:04]} {[%emt 00:00:04]} 7. d5 {[%clk 01:32:06]}
{[%emt 00:00:32]} Na5 {[%clk 01:32:45]} {[%emt 00:00:49]} 8. b3 {[%clk
01:32:18]} {[%emt 00:00:18]} a6 {[%clk 01:33:10]} {[%emt 00:00:05]} 9. O-O
{[%clk 01:31:41]} {[%emt 00:01:07]} Rb8 {[%clk 01:33:37]} {[%emt 00:00:03]} 10.
Bg5 {[%clk 01:30:54]} {[%emt 00:01:17]} h6 {[%clk 01:33:55]} {[%emt 00:00:13]}
11. Bd2 {[%clk 01:31:20]} {[%emt 00:00:04]} c5 {[%clk 01:34:05]} {[%emt
00:00:20]} 12. dxc6 {[%clk 01:31:42]} {[%emt 00:00:07]} Nxc6 {[%clk 01:34:31]}
{[%emt 00:00:04]} 13. Rc1 {[%clk 01:31:46]} {[%emt 00:00:26]} e5 {[%clk
01:33:54]} {[%emt 00:01:07]} 14. Ne1 {[%clk 01:25:01]} {[%emt 00:07:15]} Be6
{[%clk 01:29:35]} {[%emt 00:04:48]} 15. Nc2 {[%clk 01:19:08]} {[%emt 00:06:23]}
Ne7 {[%clk 01:19:21]} {[%emt 00:10:45]} 16. Ne3 {[%clk 01:13:45]} {[%emt
00:05:52]} b5 {[%clk 01:11:16]} {[%emt 00:08:36]} 17. Ncd5 {[%clk 01:04:08]}
{[%emt 00:10:07]} Nexd5 {[%clk 00:52:11]} {[%emt 00:19:34]} 18. cxd5 {[%clk
01:01:08]} {[%emt 00:03:30]} Bd7 {[%clk 00:45:00]} {[%emt 00:07:41]} 19. Bb4
{[%clk 00:58:17]} {[%emt 00:03:21]} Qb6 {[%clk 00:43:50]} {[%emt 00:01:39]} 20.
Qd2 {[%clk 00:57:24]} {[%emt 00:01:25]} Rfc8 {[%clk 00:41:18]} {[%emt
00:03:02]} 21. Ba5 {[%clk 00:49:27]} {[%emt 00:08:26]} Qb7 {[%clk 00:41:08]}
{[%emt 00:00:41]} 22. Nc2 {[%clk 00:49:44]} {[%emt 00:00:13]} e4 {[%clk
00:38:13]} {[%emt 00:03:24]} 23. Nb4 {[%clk 00:48:34]} {[%emt 00:01:40]} Rc5
{[%clk 00:36:21]} {[%emt 00:02:22]} 24. Qf4 {[%clk 00:45:28]} {[%emt 00:03:36]}
Rbc8 {[%clk 00:23:42]} {[%emt 00:13:10]} 25. Rcd1 {[%clk 00:44:36]} {[%emt
00:01:22]} Ng4 {[%clk 00:14:09]} {[%emt 00:10:03]} 26. Qxd6 {[%clk 00:38:09]}
{[%emt 00:06:57]} Be5 {[%clk 00:07:46]} {[%emt 00:06:52]} 27. Qb6 {[%clk
00:36:32]} {[%emt 00:02:07]} Qa8 {[%clk 00:04:07]} {[%emt 00:04:10]} 28. Bxe4
{[%clk 00:31:20]} {[%emt 00:05:42]} Nf6 {[%clk 00:02:23]} {[%emt 00:02:14]} 29.
Bg2 {[%clk 00:29:59]} {[%emt 00:01:51]} Bf5 {[%clk 00:02:23]} {[%emt 00:00:29]}
30. d6 {[%clk 00:26:43]} {[%emt 00:03:47]} Be4 {[%clk 00:02:07]} {[%emt
00:00:46]} 31. Bxe4 {[%clk 00:26:16]} {[%emt 00:00:57]} 1-0

[Event "European Women's Chess Club Cup 2023"]
[Site "Durres, Albania"]
[Date "2023.10.03"]
[Round "3.9"]
[White "Muzychuk, Anna"]
[Black "Atalik, Ekaterina"]
[Result "1-0"]
[TimeControl "90' + 30' & 30\""]
[WhiteElo "2510"]
[BlackElo "2394"]

1. e4 {[%clk 01:30:57]} {[%emt 00:00:02]} e5 {[%clk 01:30:50]} {[%emt
00:00:11]} 2. Nf3 {[%clk 01:31:23]} {[%emt 00:00:04]} d6 {[%clk 01:31:09]}
{[%emt 00:00:11]} 3. d4 {[%clk 01:27:26]} {[%emt 00:04:28]} exd4 {[%clk
01:31:29]} {[%emt 00:00:10]} 4. Nxd4 {[%clk 01:27:35]} {[%emt 00:00:20]} Nf6
{[%clk 01:31:42]} {[%emt 00:00:16]} 5. Nc3 {[%clk 01:27:58]} {[%emt 00:00:08]}
Be7 {[%clk 01:31:58]} {[%emt 00:00:14]} 6. g3 {[%clk 01:26:56]} {[%emt
00:01:33]} O-O {[%clk 01:30:58]} {[%emt 00:01:29]} 7. Bg2 {[%clk 01:27:19]}
{[%emt 00:00:06]} Nc6 {[%clk 01:29:27]} {[%emt 00:02:02]} 8. Nxc6 {[%clk
01:19:33]} {[%emt 00:08:17]} bxc6 {[%clk 01:29:52]} {[%emt 00:00:05]} 9. O-O
{[%clk 01:19:54]} {[%emt 00:00:08]} Rb8 {[%clk 01:27:40]} {[%emt 00:02:42]} 10.
b3 {[%clk 01:18:51]} {[%emt 00:01:34]} Nd7 {[%clk 01:26:07]} {[%emt 00:02:02]}
11. Be3 {[%clk 01:16:47]} {[%emt 00:02:33]} Bf6 {[%clk 01:18:56]} {[%emt
00:07:42]} 12. Qd2 {[%clk 01:14:57]} {[%emt 00:02:21]} Nb6 {[%clk 01:14:50]}
{[%emt 00:04:35]} 13. Rad1 {[%clk 01:03:59]} {[%emt 00:11:28]} Re8 {[%clk
01:14:01]} {[%emt 00:01:19]} 14. a4 {[%clk 00:59:02]} {[%emt 00:05:27]} a5
{[%clk 01:05:36]} {[%emt 00:08:55]} 15. Ne2 {[%clk 00:53:32]} {[%emt 00:06:00]}
c5 {[%clk 01:01:30]} {[%emt 00:04:36]} 16. Qxa5 {[%clk 00:51:42]} {[%emt
00:02:20]} Bb7 {[%clk 01:00:12]} {[%emt 00:01:48]} 17. f3 {[%clk 00:39:21]}
{[%emt 00:12:51]} Nd5 {[%clk 00:58:58]} {[%emt 00:01:44]} 18. Qd2 {[%clk
00:37:47]} {[%emt 00:02:04]} Ba6 {[%clk 00:34:14]} {[%emt 00:25:14]} 19. exd5
{[%clk 00:23:34]} {[%emt 00:14:43]} Qe7 {[%clk 00:33:36]} {[%emt 00:01:07]} 20.
Kf2 {[%clk 00:17:15]} {[%emt 00:06:50]} Qxe3+ {[%clk 00:29:19]} {[%emt
00:04:48]} 21. Qxe3 {[%clk 00:17:39]} {[%emt 00:00:05]} Rxe3 {[%clk 00:29:44]}
{[%emt 00:00:04]} 22. Kxe3 {[%clk 00:18:03]} {[%emt 00:00:07]} Re8+ {[%clk
00:30:07]} {[%emt 00:00:07]} 23. Kf2 {[%clk 00:18:29]} {[%emt 00:00:04]} Rxe2+
{[%clk 00:30:23]} {[%emt 00:00:14]} 24. Kg1 {[%clk 00:18:58]} {[%emt 00:00:01]}
Bd4+ {[%clk 00:25:40]} {[%emt 00:05:13]} 25. Rxd4 {[%clk 00:13:53]} {[%emt
00:05:35]} cxd4 {[%clk 00:26:02]} {[%emt 00:00:08]} 26. Rc1 {[%clk 00:14:13]}
{[%emt 00:00:11]} Re3 {[%clk 00:22:50]} {[%emt 00:03:41]} 27. Bf1 {[%clk
00:10:39]} {[%emt 00:04:04]} Bxf1 {[%clk 00:22:20]} {[%emt 00:01:00]} 28. Kxf1
{[%clk 00:05:56]} {[%emt 00:05:13]} Rc3 {[%clk 00:17:38]} {[%emt 00:05:11]} 29.
Ke2 {[%clk 00:05:52]} {[%emt 00:00:35]} Kf8 {[%clk 00:17:09]} {[%emt 00:00:58]}
30. a5 {[%clk 00:04:21]} {[%emt 00:02:02]} Rc5 {[%clk 00:13:01]} {[%emt
00:04:38]} 31. Ra1 {[%clk 00:03:33]} {[%emt 00:01:19]} Rxc2+ {[%clk 00:13:04]}
{[%emt 00:00:26]} 32. Kd3 {[%clk 00:04:00]} {[%emt 00:00:04]} Rc3+ {[%clk
00:13:23]} {[%emt 00:00:10]} 33. Kxd4 {[%clk 00:04:25]} {[%emt 00:00:05]} Rxb3
{[%clk 00:12:47]} {[%emt 00:01:06]} 34. a6 {[%clk 00:04:49]} {[%emt 00:00:07]}
Rb4+ {[%clk 00:11:43]} {[%emt 00:01:34]} 35. Kc3 {[%clk 00:05:09]} {[%emt
00:00:10]} Rb8 {[%clk 00:11:55]} {[%emt 00:00:18]} 36. a7 {[%clk 00:05:34]}
{[%emt 00:00:05]} Ra8 {[%clk 00:12:21]} {[%emt 00:00:03]} 37. Kc4 {[%clk
00:05:58]} {[%emt 00:00:06]} Ke7 {[%clk 00:11:22]} {[%emt 00:01:28]} 38. Kb5
{[%clk 00:06:22]} {[%emt 00:00:06]} Kd7 {[%clk 00:11:18]} {[%emt 00:00:35]} 39.
Ka6 {[%clk 00:06:09]} {[%emt 00:00:43]} 1-0

[Event "European Women's Chess Club Cup 2023"]
[Site "Durres, Albania"]
[Date "2023.10.03"]
[Round "3.10"]
[White "Rakhmangulova, Anastasiya"]
[Black "Khademalsharieh, Sarasadat"]
[Result "0-1"]
[TimeControl "90' + 30' & 30\""]
[WhiteElo "2354"]
[BlackElo "2476"]

1. e4 {[%clk 01:30:58]} {[%emt 00:00:01]} e5 {[%clk 01:30:49]} {[%emt
00:00:12]} 2. Nf3 {[%clk 01:31:22]} {[%emt 00:00:06]} Nc6 {[%clk 01:31:04]}
{[%emt 00:00:15]} 3. Bc4 {[%clk 01:31:45]} {[%emt 00:00:06]} Nf6 {[%clk
01:31:24]} {[%emt 00:00:11]} 4. d3 {[%clk 01:32:09]} {[%emt 00:00:06]} h6
{[%clk 01:31:34]} {[%emt 00:00:20]} 5. h3 {[%clk 01:31:29]} {[%emt 00:01:10]}
d6 {[%clk 01:30:47]} {[%emt 00:01:17]} 6. a4 {[%clk 01:24:22]} {[%emt
00:07:36]} a6 {[%clk 01:27:05]} {[%emt 00:04:13]} 7. c3 {[%clk 01:20:02]}
{[%emt 00:04:50]} g6 {[%clk 01:26:21]} {[%emt 00:01:14]} 8. Be3 {[%clk
01:17:06]} {[%emt 00:03:26]} d5 {[%clk 01:16:35]} {[%emt 00:10:16]} 9. exd5
{[%clk 01:15:03]} {[%emt 00:02:32]} Nxd5 {[%clk 01:17:01]} {[%emt 00:00:05]} 10.
O-O {[%clk 01:14:32]} {[%emt 00:01:01]} Be6 {[%clk 01:16:37]} {[%emt 00:00:54]}
11. Nbd2 {[%clk 01:05:23]} {[%emt 00:09:38]} Bg7 {[%clk 01:11:58]} {[%emt
00:05:10]} 12. Qc2 {[%clk 00:54:37]} {[%emt 00:11:14]} O-O {[%clk 01:10:03]}
{[%emt 00:02:27]} 13. Rad1 {[%clk 00:53:11]} {[%emt 00:01:56]} f5 {[%clk
00:57:22]} {[%emt 00:13:12]} 14. Bc5 {[%clk 00:49:58]} {[%emt 00:03:41]} Re8
{[%clk 00:57:21]} {[%emt 00:00:32]} 15. Rfe1 {[%clk 00:47:37]} {[%emt
00:02:50]} Nf4 {[%clk 00:52:24]} {[%emt 00:05:28]} 16. Bxe6+ {[%clk 00:43:50]}
{[%emt 00:04:17]} Rxe6 {[%clk 00:50:44]} {[%emt 00:02:10]} 17. Nc4 {[%clk
00:42:45]} {[%emt 00:01:35]} Qd5 {[%clk 00:46:37]} {[%emt 00:04:37]} 18. Be3
{[%clk 00:36:06]} {[%emt 00:07:08]} Nxh3+ {[%clk 00:45:47]} {[%emt 00:01:21]}
19. Kh2 {[%clk 00:35:57]} {[%emt 00:00:39]} g5 {[%clk 00:33:40]} {[%emt
00:12:38]} 20. gxh3 {[%clk 00:33:13]} {[%emt 00:03:14]} Qxf3 {[%clk 00:34:02]}
{[%emt 00:00:07]} 21. Qb3 {[%clk 00:33:38]} {[%emt 00:00:05]} Rae8 {[%clk
00:31:17]} {[%emt 00:03:15]} 22. Nd2 {[%clk 00:27:38]} {[%emt 00:06:29]} Qh5
{[%clk 00:31:01]} {[%emt 00:00:46]} 23. d4 {[%clk 00:26:22]} {[%emt 00:01:46]}
g4 {[%clk 00:25:37]} {[%emt 00:05:55]} 24. d5 {[%clk 00:17:12]} {[%emt
00:09:40]} Qxh3+ {[%clk 00:25:50]} {[%emt 00:00:17]} 25. Kg1 {[%clk 00:17:38]}
{[%emt 00:00:04]} Na5 {[%clk 00:16:36]} {[%emt 00:09:44]} 26. Qc2 {[%clk
00:17:53]} {[%emt 00:00:15]} Rf6 {[%clk 00:15:41]} {[%emt 00:01:25]} 27. Bf4
{[%clk 00:18:08]} {[%emt 00:00:14]} Rff8 {[%clk 00:13:31]} {[%emt 00:02:41]} 28.
Bh2 {[%clk 00:15:41]} {[%emt 00:02:56]} f4 {[%clk 00:13:50]} {[%emt 00:00:12]}
29. Nf1 {[%clk 00:15:55]} {[%emt 00:00:16]} Nc4 {[%clk 00:13:12]} {[%emt
00:01:08]} 30. f3 {[%clk 00:07:27]} {[%emt 00:08:58]} g3 {[%clk 00:12:18]}
{[%emt 00:01:24]} 31. Re2 {[%clk 00:07:33]} {[%emt 00:00:23]} gxh2+ {[%clk
00:12:09]} {[%emt 00:00:40]} 32. Rxh2 {[%clk 00:07:58]} {[%emt 00:00:05]} Qf5
{[%clk 00:12:23]} {[%emt 00:00:16]} 0-1

[Event "European Women's Chess Club Cup 2023"]
[Site "Durres, Albania"]
[Date "2023.10.03"]
[Round "3.11"]
[White "Cramling, Pia"]
[Black "Demeter, Dorina"]
[Result "1/2-1/2"]
[TimeControl "90' + 30' & 30\""]
[WhiteElo "2446"]
[BlackElo "2115"]

1. d4 {[%clk 01:30:54]} {[%emt 00:00:04]} Nf6 {[%clk 01:30:46]} {[%emt
00:00:15]} 2. c4 {[%clk 01:31:10]} {[%emt 00:00:13]} e6 {[%clk 01:31:05]}
{[%emt 00:00:13]} 3. Nf3 {[%clk 01:31:21]} {[%emt 00:00:17]} d5 {[%clk
01:31:00]} {[%emt 00:00:35]} 4. g3 {[%clk 01:31:15]} {[%emt 00:00:36]} h6
{[%clk 01:26:27]} {[%emt 00:05:04]} 5. Bg2 {[%clk 01:30:22]} {[%emt 00:01:22]}
Bd6 {[%clk 01:26:31]} {[%emt 00:00:26]} 6. O-O {[%clk 01:28:44]} {[%emt
00:02:09]} O-O {[%clk 01:26:07]} {[%emt 00:00:54]} 7. b3 {[%clk 01:25:54]}
{[%emt 00:03:20]} Nc6 {[%clk 01:19:00]} {[%emt 00:07:37]} 8. Bb2 {[%clk
01:20:27]} {[%emt 00:05:55]} Re8 {[%clk 01:19:21]} {[%emt 00:00:09]} 9. Nbd2
{[%clk 01:16:12]} {[%emt 00:04:46]} a5 {[%clk 01:10:11]} {[%emt 00:09:41]} 10.
a3 {[%clk 01:12:35]} {[%emt 00:04:06]} b6 {[%clk 01:01:10]} {[%emt 00:09:32]}
11. Qc2 {[%clk 01:00:58]} {[%emt 00:12:06]} Bb7 {[%clk 00:59:41]} {[%emt
00:01:59]} 12. e4 {[%clk 00:48:48]} {[%emt 00:12:40]} dxe4 {[%clk 00:52:43]}
{[%emt 00:07:29]} 13. Nxe4 {[%clk 00:48:20]} {[%emt 00:00:57]} Nxe4 {[%clk
00:49:35]} {[%emt 00:03:39]} 14. Qxe4 {[%clk 00:48:42]} {[%emt 00:00:07]} Qc8
{[%clk 00:46:23]} {[%emt 00:03:42]} 15. Qg4 {[%clk 00:43:04]} {[%emt 00:06:07]}
Bf8 {[%clk 00:40:20]} {[%emt 00:06:34]} 16. Rad1 {[%clk 00:37:38]} {[%emt
00:05:55]} Ne7 {[%clk 00:37:35]} {[%emt 00:03:17]} 17. Ne5 {[%clk 00:35:08]}
{[%emt 00:02:59]} Bxg2 {[%clk 00:30:31]} {[%emt 00:07:35]} 18. Kxg2 {[%clk
00:35:35]} {[%emt 00:00:03]} f6 {[%clk 00:21:46]} {[%emt 00:09:15]} 19. Nd3
{[%clk 00:32:15]} {[%emt 00:03:48]} Nf5 {[%clk 00:19:28]} {[%emt 00:02:50]} 20.
Qf3 {[%clk 00:20:01]} {[%emt 00:12:43]} Qd7 {[%clk 00:16:09]} {[%emt 00:03:49]}
21. Nf4 {[%clk 00:19:24]} {[%emt 00:01:07]} Bd6 {[%clk 00:16:00]} {[%emt
00:00:39]} 22. Ne2 {[%clk 00:17:31]} {[%emt 00:02:22]} Qf7 {[%clk 00:13:30]}
{[%emt 00:03:02]} 23. Kg1 {[%clk 00:14:04]} {[%emt 00:03:56]} Qg6 {[%clk
00:11:35]} {[%emt 00:02:26]} 24. Nc3 {[%clk 00:11:37]} {[%emt 00:02:55]} h5
{[%clk 00:07:51]} {[%emt 00:04:16]} 25. Nb5 {[%clk 00:10:05]} {[%emt 00:02:02]}
Rad8 {[%clk 00:05:25]} {[%emt 00:02:56]} 26. Qe4 {[%clk 00:03:32]} {[%emt
00:07:00]} h4 {[%clk 00:01:46]} {[%emt 00:04:12]} 27. Rfe1 {[%clk 00:02:26]}
{[%emt 00:01:34]} h3 {[%clk 00:00:43]} {[%emt 00:01:34]} 28. f4 {[%clk
00:01:46]} {[%emt 00:01:10]} Qg4 {[%clk 00:00:42]} {[%emt 00:00:32]} 29. Qe2
{[%clk 00:01:44]} {[%emt 00:00:31]} Qg6 {[%clk 00:00:39]} {[%emt 00:00:34]} 30.
Qe4 {[%clk 00:02:06]} {[%emt 00:00:08]} Qg4 {[%clk 00:01:05]} {[%emt 00:00:04]}
31. Qe2 {[%clk 00:01:38]} {[%emt 00:00:57]} Qg6 {[%clk 00:01:31]} {[%emt
00:00:04]} 32. Qe4 {[%clk 00:01:24]} {[%emt 00:00:44]} 1/2-1/2